Jessica Alba Filmography - Statistics

General Stats
  • This quiz has been taken 87 times
    14 since last reset
  • The average score is 23 of 114
Answer Stats
Type Year Name % Correct
Film 2005 Fantastic Four
75%
Video Game 2005 Fantastic Four
75%
TV Show 2010 Saturday Night Live
63%
Film 2007 Awake
50%
Film 2007 Good Luck Chuck
50%
Film 2003 Honey
50%
Film 1999 Idle Hands
50%
Film 2010 Machete
50%
Film 2013 Machete Kills
50%
Film 2008 The Eye
50%
Music Video 2015 Bad Blood
38%
Film 2015 Barely Lethal
38%
TV Show 1998 Beverly Hills, 90210
38%
Film 2007 Fantastic Four: Rise of the Silver Surfer
38%
TV Show 1995-1997, 1999 Flipper
38%
Film 2005 Into the Blue
38%
Film 2007 Knocked Up
38%
Film 2026 Maserati: The Brothers
38%
TV Show 2015 RuPaul's Drag Race
38%
Film 2005 Sin City
38%
Film 2014 Sin City: A Dame to Kill For
38%
Film 2014 Some Kind of Beautiful
38%
Film 2011 Spy Kids: All the Time in the World
38%
Film 2016 The Veil
38%
Film 2024 Trigger Warning
38%
Film 2010 Valentine's Day
38%
TV Show 1996 ABC Afterschool Special
25%
Film 2013 A.C.O.D.
25%
Film 2010 An Invisible Sign
25%
Film TBA A Tree Is Blue
25%
TV Show 2015, 2016 Barely Famous
25%
TV Show 1998 Brooklyn South
25%
Film 1994 Camp Nowhere
25%
TV Show 1996 Chicago Hope
25%
TV Show 2013 Comedy Bang! Bang!
25%
Web Series TBA Confessions on the 7:45
25%
TV Show 2000-2002 Dark Angel
25%
Video Game 2002 Dark Angel
25%
Film 2016 Dear Eleanor
25%
Film 2017 El Camino Christmas
25%
TV Show 2004 Entourage
25%
Film 2015 Entourage
25%
Film 2013 Escape from Planet Earth
25%
Music Video 2025 Gabriela
25%
Music Video 2010 I Just Had Sex
25%
Short Film 2012 It Has Begun: Bananapocalypse
25%
Film 2019 Killers Anonymous
25%
TV Show 2019-2020 L.A.'s Finest
25%
Film 2010 Little Fockers
25%
TV Show 1998 Love Boat: The Next Wave
25%
TV Show 2003 MADtv
25%
Film 2016 Mechanic: Resurrection
25%
Film 2007 Meet Bill
25%
Film 1999 Never Been Kissed
25%
Web Series 2018 No Activity
25%
Film 2000 Paranoid
25%
TV Show 2017 Planet of the Apps
25%
TV Show 2010, 2017 Project Runway
25%
Film 1999 P.U.N.K.S.
25%
Web Series 2023 StoryBots: Answer Time
25%
Film 2014 Stretch
25%
Film 2010 The Killer Inside Me
25%
Film 2008 The Love Guru
25%
Film TBA The Mark
25%
TV Show 2009 The Office
25%
TV Show 1994 The Secret World of Alex Mack
25%
Film 2003 The Sleeping Dictionary
25%
TV Show 2014 The Spoils of Babylon
25%
Film 2007 The Ten
25%
Web Mini-Series 2025 Too Much
25%
Documentary Series 2005 Trippin
25%
Film 1995 Venus Rising
25%
TV Show 2010 Women in Chains
25%
Award Show 2006 2006 MTV Movie Awards
0%
TV Special 2000 AFI Life Achievement Award: A Tribute to Harrison Ford
0%
TV Special 2004 AFI Life Achievement Award: A Tribute to Meryl Streep
0%
TV Show 2007 American Idol
0%
TV Show 2008 Ant & Dec's Saturday Night Takeaway
0%
TV Show 2011 A Poem Is...
0%
Commercial 2019-2020 Culturelle
0%
TV Show 2013 Cupcake Wars
0%
TV Special 2016 Disneyland 60th Anniversary TV Special
0%
TV Special 2007 Fashion Rocks
0%
Documentary Series 2014 Finding Your Roots with Henry Louis Gates, Jr.
0%
Web Special 2025 FireAid Benefit Concert
0%
Documentary Series 2023-Present Honest Renovations
0%
Documentary Series 2005 Icons
0%
Commercial 1994 JCPenney
0%
Commercial 2011-2021 LegalZoom
0%
Short Film 2011 Little Fockers: Alternate Ending, Treehouse
0%
Commercial 2001 L'Oréal
0%
Documentary 2013 Mademoiselle C
0%
Commercial 2012 Microsoft Windows Phone 8
0%
Commercial 1993 Nintendo Game System
0%
Commercial 2021-2022 Nintendo Switch
0%
TV Show 2003 Punk'd
0%
Commercial 2007, 2008 Revlon
0%
TV Show 2003 Rock Me, Baby
0%
TV Special 2008, 2014 Stand Up to Cancer
0%
Web Special 2018 Telethon for America
0%
Award Show 2008 The 80th Annual Academy Awards
0%
TV Show 2017 The Apprentice
0%
TV Show 2003 The Bronx Bunny Show
0%
TV Show 2009 The City
0%
TV Show 2014 The Dr. Oz Show
0%
Web Series 2016 The Fashion Fund
0%
Commercial 2005 The Los Angeles Mentoring Partnership
0%
TV Show 2017 The New Celebrity Apprentice
0%
TV Show 2005, 2007 Total Request Live
0%
Short Film 2007 Vanity Fair: Killers Kill, Dead Men Die
0%
TV Show 2010 Who Wants to Be a Millionaire
0%
TV Special 2013 Women We Love
0%
TV Show 2002 WWE Raw
0%
Documentary Series 2014 Years of Living Dangerously
0%
No matching quizzes found
Score Distribution
Percent of People with Each Score
Percentile by Number Answered
Your Score History
You have not taken this quiz since the last reset